Statistics for Biggest Cities in Algeria

Click here to take the quiz!

General Stats

  • This quiz has been taken 29 times
  • The average score is 10 of 20

Answer Stats

PopulationCity% Correct
2,364,230Algiers
100%
803,329Oran
100%
448,028Constantine
78%
342,703Annaba
74%
173,531Tlemcen
70%
176,139Béjaïa
65%
331,779Blida
61%
252,157Sétif
61%
289,504Batna
52%
155,134Chlef
48%
162,885Mostaganem
43%
210,146Sidi bel Abbes
39%
265,833Djelfa
35%
182,903Skikda
35%
204,661Biskra
30%
158,812Bordj Bou Arreridj
30%
165,241Béchar
26%
194,461Tebessa
26%
178,915Tiaret
26%
153,479Souk Ahras
13%

Score Distribution

Percentile by Number Answered

Percent of People with Each Score

Your Score History

You have not taken this quiz